000 00624nam a2200253Ia 4500
005 20260121154734.0
008 008 260114s9999 xx 000 0 eng d
020 _a9781003044758
037 _aEBOOK
040 _aCRL
040 _beng
040 _cCRL
041 _2eng
041 _aeng
084 _qCRL
100 _a Naomi C.F. Yamada
_91010911
245 0 _aPreferential Education Policies in Multi-ethnic China
260 _bTaylor and Francis
260 _c2021
856 _uhttp://www.taylorfrancis.com/books/9781003044758
942 _cEBOOK
999 _c1577732
_d1577732